Moderné trendy a budúcnosť e-learningu bakalárska práca

Saved in:
Bibliographic Details
Main Author: Porubský, Tomáš
Corporate Author: Fakulta hospodárskej informatiky EU. Katedra aplikovanej informatiky
Other Authors: Jurík, Pavol, 1987-
Format: Book
Language:Slovak
Published: Bratislava 2016
Tags: Add Tag
No Tags, Be the first to tag this record!

MARC

LEADER 00000nbm a2200000 4500
001 0219072
005 20170329105509.5
041 0 |a slo 
044 |a SK 
245 1 0 |a Moderné trendy a budúcnosť e-learningu  |b bakalárska práca  |c Tomáš Porubský ; školiteľ: Pavol Jurík 
264 1 |a Bratislava  |c 2016 
300 |a 41 s. 
100 1 |a Porubský, Tomáš 
700 1 |a Jurík, Pavol, 1987- 
710 2 |a Fakulta hospodárskej informatiky EU. Katedra aplikovanej informatiky